Catalog

Record Details

Catalog Search



William J. Clinton : our forty-second president  Cover Image Book Book

William J. Clinton : our forty-second president / by Ann Graham Gaines.

Gaines, Ann. (Author).

Record details

  • ISBN: 1567668763
  • Physical Description: 48 pages : color illustrations ; 25 cm.
  • Publisher: Chanhassen, Minn. : Child's World, c2002.

Content descriptions

General Note:
"Spirit of America"--cover p. [4].
Bibliography, etc. Note:
Includes bibliographical references (p.47) and index.
Subject: Clinton, Bill, 1946- > Juvenile literature.
Presidents > United States > Biography > Juvenile literature.
Clinton, Bill, 1946-
Presidents.

Available copies

  • 1 of 1 copy available at scottsboropl.

Holds

  • 0 current holds with 1 total copy.
Show Only Available Copies
Location Call Number / Copy Notes Barcode Shelving Location Status Due Date
scottsboropl E 973.929 Gai 32269000709876 Juvenile - Easy NonFiction Available -

LDR 01125nam a2200313 a 4500
001127268
003CONS
00520140703073304.0
008010119s2002 mnua c b 001 0beng
010 . ‡a 2001000410
020 . ‡a1567668763
035 . ‡a(CPomAG)LMN495437
042 . ‡alcac
043 . ‡an-us---
05000. ‡aE886 ‡b.G34 2002
08200. ‡a973.929/092 ‡aB ‡221
1001 . ‡aGaines, Ann.
24510. ‡aWilliam J. Clinton : ‡bour forty-second president / ‡cby Ann Graham Gaines.
260 . ‡aChanhassen, Minn. : ‡bChild's World, ‡cc2002.
300 . ‡a48 pages : ‡bcolor illustrations ; ‡c25 cm.
440 0. ‡aOur presidents
500 . ‡a"Spirit of America"--cover p. [4].
504 . ‡aIncludes bibliographical references (p.47) and index.
60010. ‡aClinton, Bill, ‡d1946- ‡vJuvenile literature.
650 0. ‡aPresidents ‡zUnited States ‡vBiography ‡vJuvenile literature.
60011. ‡aClinton, Bill, ‡d1946-
650 1. ‡aPresidents.
959 . ‡i32269000709876 ‡lJ 973.929 Gai ‡aJuvenile - NonFiction ‡tJuv Nonfiction ‡g16.00
852 . ‡p32269000709876 ‡jJ 973.929 Gai ‡gJuvenile - NonFiction ‡cJuv Nonfiction ‡y16.00 ‡bSBPL
901 . ‡a127268 ‡bUnknown ‡c127268 ‡tbiblio

Additional Resources